ბათუმის შოთა რუსთაველის სახელმწიფო უნივერსიტეტის ბიბლიოთეკა

გადახდისუუნარობის საქართველოს კანონი: (ბიბ.ჩანაწერი № 36384)

000 -ლიდერი
ფიქსირებული სიგრძის საკონტროლო ველი 01268nam a2200229Ia 4500
001 - საკონტროლო ნომერი
საკონტროლო ველი 2298
003 - საკონტროლო ნომრის იდენტიფიკატორი
საკონტროლო ველი GE_BSU
005 - ბოლო ოპერაციის თარიღი და დრო
საკონტროლო ველი 20190527214118.0
008 - ფიქსირებული სიგრძის მონაცემთა ელემენტები - ზოგადი ინფორმაცია
ფიქსირებული სიგრძის საკონტროლო ველი 181216s2011||||ge |||||||||||||| ||geo||
020 ## - წიგნის საერთაშორისო სტანდარტული ნომერი
International Standard Book Number 9789941414596
040 ## - კატალოგიზაციის წყარო
Transcribing agency GE_BSU
041 ## - ენის კოდი
Language code of text/sound track or separate title geo
080 ## - უნივერსალური ათობითი კლასიფიკაციის ინდექსი
Universal Decimal Classification number 336.3+34 შ–80
100 ## - მთავარი ჩანაწერი - პიროვნების სახელი
Personal name შნიტგერი, ჰაინრიჰ
9 (RLIN) 1696
245 ## - ცნობა სათაურის შესახებ
Title გადახდისუუნარობის საქართველოს კანონი:
Remainder of title დახასიათება და შედარება გაკოტრების საქართველოს კანონსა და საერთაშორისო სტანდარტებთან /
Statement of responsibility, etc ჰაინრიჰ შნიტგერი, როინ მიგრიაული.
264 ## - წარმოების, გამოცემის, დისტრიბუციის და სხვა ცნობები
გამოცემის, წარმოების, დისტრიბუციის... ადგილი თბილისი :
გამოცემის, წარმოების, დისტრიბუციის... სახელწოდება სიესტა,
გამოცემის, წარმოების, დისტრიბუციის... თარიღი 2011.
300 ## - ფიზიკური აღწერა
Extent 137 გვ.;
Other physical details 23 სმ.
653 ## - INDEX TERM--UNCONTROLLED
Uncontrolled term გადახდისუუნარობის საქართველოს კანონი
653 ## - INDEX TERM--UNCONTROLLED
Uncontrolled term საქართველოს კანონი გაკოტრების შესახებ
700 ## - ADDED ENTRY--PERSONAL NAME
Personal name მიგრიაული, როინ
Relator term ავტორი
9 (RLIN) 1056
942 ## - ADDED ENTRY ELEMENTS (KOHA)
Koha item type წიგნი
Source of classification or shelving scheme
ეგზემპლარები
ჩამოწერის სტატუსი დაკარგული ეგზემპლარის სტატუსი კლასიფიკაციის წყარო ან თაროზე გაწყობის სქემა დაზიანების სტატუსი არ გაიცემა მუდმივი მდებარეობა (დაცვის ადგილი) ამჟამინდელი ადგილსამყოფელი თაროზე განთავსების ადგილი შეძენის თარიღი ღირებულება, შესყიდვის ნორმალური ფასი სრული შენახვის შიფრი შტრიხკოდი ბოლო ოპერაციის თარიღი ეგზემპლარის მიმდევრობითი ნომერი (კეტერი?) ფასის ძალაში შესვლის თარიღი ეგზემპლარის სახეობა საჯარო შენიშვნა
          ბათუმის შოთა რუსთაველის სახელმწიფო უნივერსიტეტის მთავარი ბიბლიოთეკა ბათუმის შოთა რუსთაველის სახელმწიფო უნივერსიტეტის მთავარი ბიბლიოთეკა წიგნსაცავი 2018-12-17 8.00 336.3+34 შ–80 4429 2018-12-17 4429 2018-12-17 წიგნი 8 ლ.